[Event "Wch Juvenil 2013 sub-14"]
[Site "Al-Ain UAE"]
[Date "2013.12.27"]
[Round "10.22"]
[White "Mamyrbay, Assad"]
[Black "Tomczak, Mikolaj"]
[Result "0-1"]
[WhiteElo "1904"]
[BlackElo "2133"]
[PlyCount "80"]
[EventDate "2013.12.19"]
[EventType "swiss"]
[EventRounds "11"]
[EventCountry "UAE"]
[Source "lmi"]
[SourceDate "2013.12.19"]

1. e4 c5 2. Nf3 e6 3. d4 cxd4 4. Nxd4 Nf6 5. Nc3 d6 6. Bd3 a6 7. O-O b5 8. f4
Bb7 9. Qf3 Nbd7 10. Bd2 Qb6 11. Be3 Qc7 12. Rae1 Be7 13. Kh1 b4 14. Nb1 Nc5 15.
Nd2 O-O 16. Bg1 a5 17. Qh3 Nfd7 18. f5 e5 19. Ne2 Rfc8 20. Rf3 Nxd3 21. cxd3
Qc2 22. Nc4 Bxe4 23. dxe4 Rxc4 24. Ng3 Qxb2 25. Nh5 Nf6 26. Rg3 Nxh5 27. Qxh5
Bf6 28. Rh3 h6 29. Qg4 Rc1 30. Rxc1 Qxc1 31. Rd3 Ra6 32. Rd1 Qc2 33. Be3 h5 34.
Qxh5 Qxe4 35. Qf3 Qxf3 36. gxf3 Rc6 37. Rd5 Rc3 38. Bb6 a4 39. Rb5 b3 40. axb3
Rxb3 0-1

[Event "Wch Juvenil 2013 sub-14"]
[Site "Al-Ain UAE"]
[Date "2013.12.27"]
[Round "10.23"]
[White "Zhao, Juncheng"]
[Black "Nikitenko, Mihail"]
[Result "1-0"]
[WhiteElo "1963"]
[BlackElo "2125"]
[PlyCount "107"]
[EventDate "2013.12.19"]
[EventType "swiss"]
[EventRounds "11"]
[EventCountry "UAE"]
[Source "lmi"]
[SourceDate "2013.12.19"]

1. e4 e5 2. Nf3 Nc6 3. Nc3 Nf6 4. Bb5 Bb4 5. O-O O-O 6. d3 d6 7. Bg5 Ne7 8. h3
c6 9. Bc4 Ng6 10. Nh4 Nf4 11. Qf3 Kh8 12. Nf5 h6 13. Bxf4 exf4 14. Qxf4 Nh5 15.
Qg4 Qg5 16. Qxg5 hxg5 17. Nd4 g4 18. hxg4 Bxg4 19. f3 Bc5 20. Nce2 Bd7 21. c3
b5 22. Bb3 Bb6 23. g4 Nf6 24. Kg2 g6 25. Ng3 c5 26. Nde2 Kg7 27. Nf4 b4 28. Nd5
bxc3 29. bxc3 Ba5 30. Rac1 Nxd5 31. Bxd5 Rab8 32. Bb3 Be6 33. Bxe6 fxe6 34. Rc2
g5 35. f4 gxf4 36. Nh5+ Kh6 37. Nxf4 Rbe8 38. Kg3 Kg7 39. Rcf2 Kg8 40. c4 Bc3
41. Nh5 Rxf2 42. Rxf2 Re7 43. Rf1 Rb7 44. Kh4 Rb2 45. Kg5 Rxa2 46. Kg6 a5 47.
Nf6+ Bxf6 48. Rxf6 a4 49. Rxe6 Kf8 50. Rxd6 a3 51. Ra6 Ra1 52. g5 a2 53. Ra7
Ke8 54. e5 1-0

[Event "Wch Juvenil 2013 sub-14"]
[Site "Al-Ain UAE"]
[Date "2013.12.27"]
[Round "10.24"]
[White "Turar, Dastan"]
[Black "Chow, Colin"]
[Result "0-1"]
[WhiteElo "1890"]
[BlackElo "2114"]
[PlyCount "124"]
[EventDate "2013.12.19"]
[EventType "swiss"]
[EventRounds "11"]
[EventCountry "UAE"]
[Source "lmi"]
[SourceDate "2013.12.19"]

1. d4 e6 2. c4 Nf6 3. Nc3 Bb4 4. Nf3 c5 5. g3 cxd4 6. Nxd4 O-O 7. Bg2 d5 8.
cxd5 Nxd5 9. Qb3 Nc6 10. Nxc6 bxc6 11. a3 Bxc3+ 12. bxc3 Ba6 13. Bd2 Nb6 14.
Rd1 Nc4 15. Bf4 Qc8 16. Bh3 Kh8 17. Rd4 Nb6 18. Be5 c5 19. Rh4 f5 20. c4 Qc6
21. Rg1 Rad8 22. f3 Nxc4 23. Rxc4 Qd5 24. Qc3 Bxc4 25. Bxg7+ Kg8 26. Kf2 Qd2
27. Qxc4 Kxg7 28. g4 f4 29. Qxc5 Qd4+ 30. Qxd4+ Rxd4 31. g5 e5 32. Rc1 Rf7 33.
Rc5 e4 34. fxe4 Rxe4 35. Bg2 Re3 36. a4 Kg6 37. Bf3 Rf5 38. Rc6+ Kxg5 39. Rc7
Ra5 40. Rxh7 Rxa4 41. h4+ Kg6 42. Rc7 Re6 43. Kg2 a5 44. Ra7 Ra3 45. Kf2 Ra1
46. h5+ Kh6 47. Rf7 Kg5 48. Rg7+ Kh6 49. Rf7 Ra4 50. Ra7 Rf6 51. Bg4 Ra1 52.
Kf3 Rg1 53. Bd7 Rg7 54. Ke4 Rd6 55. Rxa5 Rdxd7 56. Kxf4 Rdf7+ 57. Ke3 Rg5 58.
Ra1 Rxh5 59. Re1 Rh4 60. Kd3 Rd7+ 61. Kc3 Re4 62. e3 Re8 0-1

[Event "Wch Juvenil 2013 sub-14"]
[Site "Al-Ain UAE"]
[Date "2013.12.27"]
[Round "10.25"]
[White "Petrov, Vladimir Sergeev"]
[Black "Bashirli, Nail Qoshqar"]
[Result "1-0"]
[WhiteElo "2076"]
[BlackElo "1887"]
[PlyCount "73"]
[EventDate "2013.12.19"]
[EventType "swiss"]
[EventRounds "11"]
[EventCountry "UAE"]
[Source "lmi"]
[SourceDate "2013.12.19"]

1. e4 c5 2. Nf3 d6 3. d4 cxd4 4. Nxd4 Nf6 5. Nc3 a6 6. Be3 e5 7. Nb3 Be6 8. f3
Be7 9. Qd2 O-O 10. O-O-O Nbd7 11. g4 Qc7 12. g5 Nh5 13. Kb1 b5 14. Nd5 Bxd5 15.
exd5 Nb6 16. Na5 Nxd5 17. Qxd5 Qxa5 18. Bd3 g6 19. Qb7 Rfe8 20. Be4 Rab8 21.
Qa7 Ng7 22. Rd3 Nf5 23. Bf2 Bf8 24. Rhd1 b4 25. Rd5 Rb5 26. Qd7 Rd8 27. Rxb5
axb5 28. Qb7 b3 29. axb3 d5 30. Bb6 dxe4 31. Bxd8 Nd6 32. Qb8 Qa6 33. Be7 Qc8
34. Qxc8 Nxc8 35. Bxf8 Kxf8 36. Rd8+ Kg7 37. fxe4 1-0

[Event "Wch Juvenil 2013 sub-14"]
[Site "Al-Ain UAE"]
[Date "2013.12.27"]
[Round "10.26"]
[White "Baterdene, Tsogbayar"]
[Black "Marek, Matyas"]
[Result "0-1"]
[WhiteElo "1816"]
[BlackElo "2055"]
[PlyCount "62"]
[EventDate "2013.12.19"]
[EventType "swiss"]
[EventRounds "11"]
[EventCountry "UAE"]
[Source "lmi"]
[SourceDate "2013.12.19"]

1. e4 c5 2. Nf3 d6 3. d4 cxd4 4. Nxd4 Nf6 5. Nc3 a6 6. Be2 e5 7. Nb3 Be7 8. O-O
O-O 9. a4 Be6 10. f4 Qc7 11. Be3 Nbd7 12. Kh1 Bc4 13. Nd2 Bxe2 14. Qxe2 Qc6 15.
Rad1 Rac8 16. f5 b5 17. axb5 axb5 18. Nxb5 Qxc2 19. Qf3 Qxb2 20. Rb1 Qc2 21. g4
d5 22. exd5 e4 23. Qg2 Nxd5 24. Bd4 e3 25. Qxd5 exd2 26. Qf3 Bf6 27. Rb2 Qc1
28. Rb1 Bxd4 29. Nxd4 Qc4 30. Qf2 Nc5 31. h3 Rfd8 0-1

[Event "Wch Juvenil 2013 sub-14"]
[Site "Al-Ain UAE"]
[Date "2013.12.27"]
[Round "10.27"]
[White "Isaev, Chingys"]
[Black "Fedotov, Nikita"]
[Result "1-0"]
[WhiteElo "1834"]
[BlackElo "2045"]
[PlyCount "75"]
[EventDate "2013.12.19"]
[EventType "swiss"]
[EventRounds "11"]
[EventCountry "UAE"]
[Source "lmi"]
[SourceDate "2013.12.19"]

1. d4 d5 2. c4 c6 3. Nf3 Nf6 4. e3 a6 5. Nc3 Bf5 6. b3 e6 7. a3 Be7 8. Be2 h6
9. O-O O-O 10. Bb2 Nbd7 11. Re1 b5 12. Rc1 Rb8 13. cxd5 cxd5 14. Bd3 Ne4 15.
Ne2 Bd6 16. Ne5 Bxe5 17. dxe5 Qg5 18. Bd4 Bg4 19. Qc2 Rbc8 20. Qxc8 Rxc8 21.
Rxc8+ Kh7 22. Ng3 Bf5 23. Nxf5 exf5 24. Rc7 Qd8 25. Rec1 Kg6 26. R1c6+ f6 27.
e6 Nb8 28. Rc2 Nd6 29. g4 Qe8 30. e7 Nd7 31. R2c6 Qxe7 32. Bc5 Qe5 33. Bxd6
Qa1+ 34. Rc1 Qb2 35. Bxf5+ Kg5 36. Bf4+ Kh4 37. Bg3+ Kg5 38. h4# 1-0

[Event "Wch Juvenil 2013 sub-14"]
[Site "Al-Ain UAE"]
[Date "2013.12.27"]
[Round "10.28"]
[White "Loh, Zachary"]
[Black "Foziljonov, Khojiakbar"]
[Result "0-1"]
[WhiteElo "2036"]
[BlackElo "1801"]
[PlyCount "66"]
[EventDate "2013.12.19"]
[EventType "swiss"]
[EventRounds "11"]
[EventCountry "UAE"]
[Source "lmi"]
[SourceDate "2013.12.19"]

1. d4 Nf6 2. c4 g6 3. Nc3 Bg7 4. e4 d6 5. h3 O-O 6. Bg5 h6 7. Be3 c5 8. d5 e6
9. Bd3 exd5 10. cxd5 Nbd7 11. Nf3 a6 12. a4 Re8 13. O-O Nf8 14. Nd2 g5 15. Re1
Ng6 16. Bf1 Nd7 17. Qc2 Nde5 18. g3 g4 19. h4 Nf3+ 20. Nxf3 gxf3 21. Qd2 Kh7
22. Bf4 Bg4 23. Ra3 Nxf4 24. Qxf4 Qd7 25. Nd1 Be5 26. Qd2 Rg8 27. Ne3 Rg6 28.
Nf5 Rag8 29. Kh2 Qd8 30. Bh3 Bxf5 31. Bxf5 Qxh4+ 32. Kg1 Bxg3 33. Rxf3 Bf4+ 0-1

[Event "Wch Juvenil 2013 sub-14"]
[Site "Al-Ain UAE"]
[Date "2013.12.27"]
[Round "10.29"]
[White "Wang, Yiou"]
[Black "Sevgi, Volkan"]
[Result "1/2-1/2"]
[WhiteElo "1889"]
[BlackElo "2007"]
[PlyCount "110"]
[EventDate "2013.12.19"]
[EventType "swiss"]
[EventRounds "11"]
[EventCountry "UAE"]
[Source "lmi"]
[SourceDate "2013.12.19"]

1. e4 c6 2. d4 d5 3. Nc3 dxe4 4. Nxe4 Bf5 5. Ng3 Bg6 6. h4 h6 7. Nf3 Nd7 8. h5
Bh7 9. Bd3 Bxd3 10. Qxd3 e6 11. Bd2 Qc7 12. Ne4 Ngf6 13. O-O-O Nxe4 14. Qxe4
Nf6 15. Qe2 O-O-O 16. c4 c5 17. Bc3 Bd6 18. g3 cxd4 19. Nxd4 a6 20. Kb1 Rd7 21.
Rc1 Kb8 22. Nb3 Qc6 23. Rh4 Rc8 24. c5 Bc7 25. Bxf6 gxf6 26. Nd4 Qd5 27. c6 Rd6
28. cxb7 Qxb7 29. Nb3 Bb6 30. Rxc8+ Kxc8 31. a4 Ba7 32. Ka2 Kd7 33. Rc4 Rd5 34.
g4 Qb6 35. Qc2 Bb8 36. Qh7 Ke7 37. Qxh6 Rd3 38. Nc1 Rd8 39. Qh7 Rd2 40. Nb3 Be5
41. Rc2 Rxf2 42. Qd3 Rxc2 43. Qxc2 Qb7 44. h6 Qh1 45. h7 f5 46. gxf5 exf5 47.
Qxf5 Qh2 48. Nd2 Bg7 49. Nc4 Qh6 50. Qc5+ Kf6 51. Qc6+ Kg5 52. Qg2+ Kf6 53. Qe4
Kg5 54. Qg2+ Kh5 55. Qc2 Qe6 1/2-1/2

[Event "Wch Juvenil 2013 sub-14"]
[Site "Al-Ain UAE"]
[Date "2013.12.27"]
[Round "10.30"]
[White "Oliveira, Tiago Lopes"]
[Black "Mesaros, Florian"]
[Result "0-1"]
[WhiteElo "1930"]
[BlackElo "2196"]
[PlyCount "76"]
[EventDate "2013.12.19"]
[EventType "swiss"]
[EventRounds "11"]
[EventCountry "UAE"]
[Source "lmi"]
[SourceDate "2013.12.19"]

1. e4 c5 2. Nf3 e6 3. d4 cxd4 4. Nxd4 Nc6 5. c4 Nf6 6. Nxc6 bxc6 7. Nc3 Bb4 8.
Bd3 e5 9. O-O O-O 10. Bg5 h6 11. Bh4 d6 12. Ne2 g5 13. Bg3 Nh5 14. a3 Bc5 15.
b4 Bb6 16. Rc1 Nf4 17. Nc3 Be6 18. b5 cxb5 19. cxb5 Rc8 20. Bxf4 gxf4 21. Qh5
Qg5 22. Qxg5+ hxg5 23. Nd5 Bxd5 24. exd5 Rxc1 25. Rxc1 f5 26. Rc6 e4 27. Bc2
Rd8 28. h3 Kf7 29. Kf1 Kf6 30. Ke2 Ke5 31. Bb3 Rh8 32. Rc3 g4 33. hxg4 fxg4 34.
f3 exf3+ 35. gxf3 Rh2+ 36. Kf1 Rf2+ 37. Ke1 g3 38. Rc6 g2 0-1

[Event "Wch Juvenil 2013 sub-14"]
[Site "Al-Ain UAE"]
[Date "2013.12.27"]
[Round "10.31"]
[White "Thybo, Jesper Sondergaard"]
[Black "Abbasov, Zaur Shahin"]
[Result "1-0"]
[WhiteElo "2147"]
[PlyCount "71"]
[EventDate "2013.12.19"]
[EventType "swiss"]
[EventRounds "11"]
[EventCountry "UAE"]
[Source "lmi"]
[SourceDate "2013.12.19"]
[BlackElo "1882"]

1. d4 d5 2. c4 c6 3. Nf3 Nf6 4. e3 Bg4 5. Nbd2 e6 6. b3 Nbd7 7. Qc2 Bd6 8. Bb2
Qc7 9. Bd3 Bh5 10. O-O Bg6 11. Bxg6 hxg6 12. g3 O-O 13. e4 dxe4 14. Nxe4 Nxe4
15. Qxe4 Rfe8 16. Rfe1 c5 17. Rad1 Rad8 18. Ng5 Nf8 19. Qf3 cxd4 20. Rxd4 f6
21. Ne4 Be5 22. Rxd8 Rxd8 23. Ba3 Qa5 24. b4 Qc7 25. c5 Qc6 26. Qb3 Qb5 27. Bb2
Rd3 28. Nc3 Qc6 29. Qc2 Qf3 30. Nd1 Nd7 31. Ne3 Qe4 32. Qc4 Qxc4 33. Nxc4 Bxb2
34. Nxb2 Rd2 35. Nc4 Rxa2 36. Rd1 1-0

[Event "Wch Juvenil 2013 sub-14"]
[Site "Al-Ain UAE"]
[Date "2013.12.27"]
[Round "10.32"]
[White "Gokerkan, Cem Kaan"]
[Black "Panchanatham, Vignesh"]
[Result "1/2-1/2"]
[WhiteElo "1960"]
[BlackElo "2111"]
[PlyCount "125"]
[EventDate "2013.12.19"]
[EventType "swiss"]
[EventRounds "11"]
[EventCountry "UAE"]
[Source "lmi"]
[SourceDate "2013.12.19"]

1. e4 e6 2. d3 d5 3. Nd2 c5 4. Ngf3 Nc6 5. g3 g6 6. Bg2 Bg7 7. O-O Nge7 8. Re1
Qc7 9. c3 b6 10. a4 a5 11. exd5 exd5 12. d4 cxd4 13. Nxd4 Nxd4 14. cxd4 O-O 15.
Nf3 Nc6 16. Bf4 Qb7 17. Ne5 Nb4 18. Bd2 Rd8 19. Bxb4 axb4 20. Qb3 Bf8 21. Nd3
Be6 22. Nxb4 Bg7 23. Rac1 Rd6 24. Na2 b5 25. Nc3 Bxd4 26. Nxb5 Qb6 27. Qf3 Rd7
28. b4 Bb2 29. Rc5 Rxa4 30. Qb3 Ra1 31. Rxa1 Bxa1 32. Qa2 Bf6 33. Qa5 Qb8 34.
Qa6 Kg7 35. Qc6 Qe5 36. Nc7 Rxc7 37. Qxc7 Qe1+ 38. Bf1 Bd4 39. Qf4 Bxc5 40.
bxc5 Bh3 41. Qd4+ Kg8 42. Qd3 Qc1 43. c6 Bxf1 44. Qxf1 Qxc6 45. Qa1 Qc4 46. Qe5
Qe4 47. Qb8+ Kg7 48. Qd6 d4 49. h4 h5 50. Kh2 d3 51. Qc5 Kh7 52. Qd6 Kg7 53.
Qc5 Kf6 54. Qc3+ Ke6 55. Qc8+ Ke5 56. Qe8+ Kd4 57. Qa4+ Kd5 58. Qa8+ Ke5 59.
Qe8+ Kf5 60. Qxf7+ Ke5 61. Qe8+ Kd4 62. Qa4+ Kd5 63. Qa8+ 1/2-1/2

[Event "Wch Juvenil 2013 sub-14"]
[Site "Al-Ain UAE"]
[Date "2013.12.27"]
[Round "10.33"]
[White "Manukyan, Artyom"]
[Black "Acsinte, Matei-Ionut"]
[Result "1-0"]
[WhiteElo "1890"]
[BlackElo "2094"]
[PlyCount "63"]
[EventDate "2013.12.19"]
[EventType "swiss"]
[EventRounds "11"]
[EventCountry "UAE"]
[Source "lmi"]
[SourceDate "2013.12.19"]

1. e4 c5 2. Nc3 Nc6 3. f4 g6 4. Nf3 Bg7 5. Bc4 d6 6. O-O e6 7. f5 exf5 8. d3
Nge7 9. Qe1 O-O 10. Qh4 h5 11. Bg5 Be6 12. exf5 Bxc4 13. Qxc4 d5 14. Qxc5 f6
15. Bd2 d4 16. Qc4+ Kh8 17. Ne2 Nxf5 18. Nf4 Qe8 19. Rae1 Qf7 20. Qxf7 Rxf7 21.
Nxg6+ Kh7 22. Nf4 h4 23. Ne6 Bh6 24. Bxh6 Kxh6 25. Re4 h3 26. Nexd4 Ncxd4 27.
Nxd4 Nxd4 28. Rxd4 hxg2 29. Rf3 Re8 30. Rg3 Kh5 31. Kxg2 f5 32. Rf4 1-0

[Event "Wch Juvenil 2013 sub-14"]
[Site "Al-Ain UAE"]
[Date "2013.12.27"]
[Round "10.34"]
[White "Liao, Yu Hao"]
[Black "Puccini, Jack"]
[Result "1/2-1/2"]
[WhiteElo "1770"]
[BlackElo "2073"]
[PlyCount "60"]
[EventDate "2013.12.19"]
[EventType "swiss"]
[EventRounds "11"]
[EventCountry "UAE"]
[Source "lmi"]
[SourceDate "2013.12.19"]

1. e4 c5 2. Nf3 d6 3. d4 cxd4 4. Qxd4 a6 5. Be3 Nc6 6. Qd2 Nf6 7. Nc3 e6 8.
O-O-O Be7 9. Bf4 Ng4 10. h3 Nge5 11. Nxe5 dxe5 12. Qxd8+ Bxd8 13. Be3 b5 14. a4
b4 15. Nb1 O-O 16. Nd2 Be7 17. Nc4 Rb8 18. Nd6 a5 19. Bb5 Nd4 20. Nxc8 Rbxc8
21. Bxd4 exd4 22. Rxd4 Bc5 23. Rd2 Rfd8 24. Rhd1 Rxd2 25. Rxd2 Bb6 26. e5 Kf8
27. Kd1 Rd8 28. Rxd8+ Bxd8 29. f4 f6 30. Bc4 fxe5 1/2-1/2

[Event "Wch Juvenil 2013 sub-14"]
[Site "Al-Ain UAE"]
[Date "2013.12.27"]
[Round "10.35"]
[White "Kololli, Martin"]
[Black "Markocic, Tine"]
[Result "1-0"]
[WhiteElo "2045"]
[BlackElo "1853"]
[PlyCount "79"]
[EventDate "2013.12.19"]
[EventType "swiss"]
[EventRounds "11"]
[EventCountry "UAE"]
[Source "lmi"]
[SourceDate "2013.12.19"]

1. e4 c5 2. Nf3 Nc6 3. c3 d5 4. exd5 Qxd5 5. d4 Bg4 6. Be2 e6 7. O-O Nf6 8. Be3
cxd4 9. cxd4 Bb4 10. a3 Ba5 11. Nc3 Bxc3 12. bxc3 O-O 13. h3 Bh5 14. Qa4 Qd7
15. Qb3 Rac8 16. g4 Bg6 17. c4 Na5 18. Qb4 Nc6 19. Qb3 Na5 20. Qb2 Qa4 21. Ne5
Rfd8 22. Qb4 Qxb4 23. axb4 Nb3 24. Rxa7 Nxd4 25. Bd1 Nc6 26. Nxg6 Nxa7 27. Ne7+
Kf8 28. Nxc8 Nxc8 29. Bf3 b6 30. Ra1 Nd7 31. Ra8 Ke7 32. c5 bxc5 33. bxc5 Ne5
34. Be4 h6 35. Rb8 Kd7 36. Rb7+ Ke8 37. Bf4 Rd1+ 38. Kg2 Nd3 39. Bc6+ Kd8 40.
Rd7+ 1-0

[Event "Wch Juvenil 2013 sub-14"]
[Site "Al-Ain UAE"]
[Date "2013.12.27"]
[Round "10.36"]
[White "Koniahli, Malek"]
[Black "Patrascu, Catalin-Lucian"]
[Result "0-1"]
[WhiteElo "1875"]
[BlackElo "2033"]
[PlyCount "58"]
[EventDate "2013.12.19"]
[EventType "swiss"]
[EventRounds "11"]
[EventCountry "UAE"]
[Source "lmi"]
[SourceDate "2013.12.19"]

1. e4 c5 2. Nf3 d6 3. d4 cxd4 4. Nxd4 Nf6 5. Nc3 a6 6. Bc4 e6 7. Bb3 b5 8. a3
Be7 9. Be3 O-O 10. f3 Bb7 11. Qe2 Nc6 12. O-O-O Rc8 13. g4 Na5 14. Kb1 Nc4 15.
Bxc4 Rxc4 16. h4 d5 17. e5 Nd7 18. Bc1 Qb6 19. Qe3 Nxe5 20. b3 Rxd4 21. Ne2
Rxd1 22. Qxb6 Rxh1 23. Qc7 Bxa3 24. Qxe5 d4 25. Qf4 d3 26. cxd3 Bxc1 27. Nxc1
Rc8 28. Kb2 Rhxc1 29. h5 b4 0-1

[Event "Wch Juvenil 2013 sub-14"]
[Site "Al-Ain UAE"]
[Date "2013.12.27"]
[Round "10.37"]
[White "Kazakovskiy, Valeriy"]
[Black "Graif, William"]
[Result "1-0"]
[WhiteElo "2023"]
[BlackElo "1851"]
[PlyCount "45"]
[EventDate "2013.12.19"]
[EventType "swiss"]
[EventRounds "11"]
[EventCountry "UAE"]
[Source "lmi"]
[SourceDate "2013.12.19"]

1. d4 Nf6 2. c4 Nc6 3. Nf3 e6 4. g3 Bb4+ 5. Bd2 Qe7 6. Bg2 O-O 7. O-O a5 8. Qc2
Bxd2 9. Nbxd2 d6 10. e4 e5 11. d5 Nb4 12. Qc3 Bd7 13. Ne1 b6 14. a3 Na6 15. b4
axb4 16. axb4 b5 17. Nd3 bxc4 18. Qxc4 Qe8 19. Rxa6 Rxa6 20. Qxa6 Bb5 21. Qa3
Qa8 22. Qc3 Qa6 23. Ra1 1-0

[Event "Wch Juvenil 2013 sub-14"]
[Site "Al-Ain UAE"]
[Date "2013.12.27"]
[Round "10.39"]
[White "Kolver, Chris"]
[Black "Abbas, Daniel"]
[Result "0-1"]
[WhiteElo "1737"]
[PlyCount "72"]
[EventDate "2013.12.19"]
[EventType "swiss"]
[EventRounds "11"]
[EventCountry "UAE"]
[Source "lmi"]
[SourceDate "2013.12.19"]
[BlackElo "1974"]

1. d4 Nf6 2. c4 e6 3. Nc3 Bb4 4. Qc2 O-O 5. Nf3 c5 6. e3 Nc6 7. Bd3 b6 8. O-O
Bxc3 9. Qxc3 Bb7 10. a3 Rc8 11. b3 cxd4 12. exd4 d5 13. Be3 dxc4 14. bxc4 Na5
15. Rac1 Nxc4 16. Bxc4 Bxf3 17. gxf3 b5 18. Qd3 bxc4 19. Rxc4 Nd5 20. Rfc1 Qd7
21. Qc2 Rxc4 22. Qxc4 Nb6 23. Qb4 h6 24. Rc5 Rd8 25. Qb3 Qb7 26. f4 Qf3 27. Qc2
Nd5 28. Qc1 Rb8 29. Rc8+ Rxc8 30. Qxc8+ Kh7 31. Qc2+ g6 32. Qd2 h5 33. Qe1 h4
34. Qf1 Nc3 35. Qg2 Qd1+ 36. Qf1 Ne2+ 0-1

[Event "Wch Juvenil 2013 sub-14"]
[Site "Al-Ain UAE"]
[Date "2013.12.27"]
[Round "10.40"]
[White "Visveshwar, A."]
[Black "Agmanov, Zhandos"]
[Result "1/2-1/2"]
[WhiteElo "1870"]
[BlackElo "1972"]
[PlyCount "106"]
[EventDate "2013.12.19"]
[EventType "swiss"]
[EventRounds "11"]
[EventCountry "UAE"]
[Source "lmi"]
[SourceDate "2013.12.19"]

1. e4 c5 2. f4 g6 3. d4 cxd4 4. Qxd4 Nf6 5. e5 Ng8 6. Bc4 Bg7 7. Nf3 Nh6 8. O-O
O-O 9. Nc3 Kh8 10. Be3 f6 11. Qd2 Nc6 12. exf6 Bxf6 13. Kh1 Bg7 14. Nd4 Na5 15.
Be2 d5 16. Rad1 Nc6 17. Bf3 e6 18. Nce2 Nf5 19. Nxf5 gxf5 20. Bc5 Rg8 21. c4
dxc4 22. Qc2 Qh4 23. Qxc4 Ne5 24. Qb4 Nxf3 25. Rxf3 b6 26. Bd4 Bb7 27. Rg3 e5
28. Bf2 Qh5 29. Re1 Rae8 30. fxe5 Bxe5 31. Nf4 Rxg3 32. Bxg3 Bxf4 33. Qxf4 Be4
34. Qd2 Qg6 35. Rc1 Qf6 36. Rc7 Rd8 37. Rd7 Bxg2+ 38. Kg1 Rxd7 39. Qxd7 Bc6 40.
Qc8+ Kg7 41. Qc7+ Kg6 42. Qe5 Qxe5 43. Bxe5 Bd5 44. a3 Kg5 45. Kf2 f4 46. Bd6
Kf5 47. Bc7 Ke4 48. Bd6 f3 49. Bf8 Kd3 50. Bg7 Kc2 51. Bf6 b5 52. Bc3 Kb3 53.
Ke3 Be4 1/2-1/2

[Event "Wch Juvenil 2013 sub-14"]
[Site "Al-Ain UAE"]
[Date "2013.12.27"]
[Round "10.41"]
[White "Plenca, Jadranko"]
[Black "Vaitsiakhouski, Yauheni"]
[Result "1-0"]
[WhiteElo "2168"]
[BlackElo "1540"]
[PlyCount "95"]
[EventDate "2013.12.19"]
[EventType "swiss"]
[EventRounds "11"]
[EventCountry "UAE"]
[Source "lmi"]
[SourceDate "2013.12.19"]

1. e4 e6 2. d4 d5 3. Nd2 c5 4. exd5 Qxd5 5. Ngf3 cxd4 6. Bc4 Qd6 7. O-O Nc6 8.
Nb3 Nf6 9. Nbxd4 Nxd4 10. Nxd4 a6 11. Re1 Qc7 12. Bb3 Bd6 13. h3 O-O 14. Bg5
Bh2+ 15. Kh1 Be5 16. c3 h6 17. Be3 b6 18. Nf3 Bf4 19. Bd4 Qd8 20. Qe2 Bc7 21.
Rad1 Qe7 22. Ne5 Bb7 23. Bc2 Rfd8 24. Bb1 a5 25. Qc2 Bxe5 26. Rxe5 Qd6 27. Rde1
Bd5 28. R5e3 Kf8 29. Qe2 Qc6 30. Rg3 Bc4 31. Qe3 Rxd4 32. Qxd4 Bd5 33. Qe5 Qc5
34. Kg1 a4 35. a3 Qb5 36. Qe2 Bc4 37. Bd3 Bxd3 38. Rxd3 Qc6 39. Rd4 Rc8 40.
Red1 Ke7 41. Qe5 Ke8 42. Rd6 Qc4 43. Rxb6 Nd7 44. Rxd7 Kxd7 45. Qd6+ Ke8 46.
Rb7 Qc5 47. Qd7+ Kf8 48. Qxf7# 1-0

[Event "Wch Juvenil 2013 sub-14"]
[Site "Al-Ain UAE"]
[Date "2013.12.27"]
[Round "10.42"]
[White "Viswanadha, Kesav"]
[Black "Simo, Marian"]
[Result "1/2-1/2"]
[WhiteElo "2169"]
[BlackElo "1873"]
[PlyCount "116"]
[EventDate "2013.12.19"]
[EventType "swiss"]
[EventRounds "11"]
[EventCountry "UAE"]
[Source "lmi"]
[SourceDate "2013.12.19"]

1. e4 e6 2. d4 d5 3. Nc3 dxe4 4. Nxe4 Nd7 5. Nf3 Ngf6 6. Nxf6+ Nxf6 7. c3 Be7
8. Qa4+ Nd7 9. Bd3 O-O 10. Qc2 h6 11. h4 c5 12. Rh3 cxd4 13. Bxh6 Bf6 14. Bh7+
Kh8 15. Ng5 d3 16. Rxd3 gxh6 17. Rxd7 Qxd7 18. Bg8 Bxc3+ 19. Qxc3+ f6 20. Rd1
hxg5 21. Rxd7 Bxd7 22. Qd3 Kxg8 23. Qxd7 gxh4 24. Qxe6+ Kg7 25. Qg4+ Kf7 26.
Qxh4 Rae8+ 27. Kf1 Re7 28. Qc4+ Kg7 29. g4 a6 30. Kg2 Rfe8 31. Qc3 Kf7 32. Qb3+
Kg7 33. Qd5 Kg6 34. Kg3 Kg7 35. a4 Kg6 36. b4 Kg7 37. a5 Kg6 38. Kf4 Kg7 39. f3
Kg6 40. g5 fxg5+ 41. Qxg5+ Kf7 42. Qd5+ Kf6 43. Qd6+ Kf7 44. Kf5 Kg7 45. f4 Kf7
46. Qd5+ Kg7 47. Kg5 Rf8 48. f5 Ref7 49. Qe5+ Rf6 50. Qd4 R8f7 51. Qc3 Rf8 52.
Qb2 R8f7 53. Qd4 Rf8 54. Kf4 R8f7 55. Qc3 Kf8 56. Qc5+ Kg7 57. Qe5 Kf8 58. Kg5
Rxf5+ 1/2-1/2

[Event "Wch Juvenil 2013 sub-14"]
[Site "Al-Ain UAE"]
[Date "2013.12.27"]
[Round "10.43"]
[White "Kokaia, Guram"]
[Black "Mohammad, Fahim"]
[Result "1-0"]
[WhiteElo "1812"]
[BlackElo "2059"]
[PlyCount "73"]
[EventDate "2013.12.19"]
[EventType "swiss"]
[EventRounds "11"]
[EventCountry "UAE"]
[Source "lmi"]
[SourceDate "2013.12.19"]

1. e4 c5 2. Nf3 e6 3. d4 cxd4 4. Nxd4 Nf6 5. Nc3 Nc6 6. Ndb5 d6 7. Bf4 e5 8.
Bg5 a6 9. Na3 b5 10. Bxf6 gxf6 11. Nd5 Bg7 12. Bd3 Ne7 13. Nxe7 Qxe7 14. O-O
O-O 15. c4 f5 16. Qf3 Qb7 17. exf5 Qxf3 18. gxf3 d5 19. cxd5 e4 20. fxe4 Bxb2
21. Nc2 Bxa1 22. Rxa1 Bb7 23. f3 Rac8 24. Kf2 Kh8 25. Ne3 Rc3 26. Ke2 b4 27. e5
Ra3 28. e6 b3 29. Bc4 Rxa2+ 30. Rxa2 bxa2 31. Bxa2 Kg7 32. e7 Rb8 33. Ng4 f6
34. d6 Bc6 35. Be6 Re8 36. Ne3 a5 37. Nd5 1-0

[Event "Wch Juvenil 2013 sub-14"]
[Site "Al-Ain UAE"]
[Date "2013.12.27"]
[Round "10.44"]
[White "Doluweera, Minul Sanjula"]
[Black "Mousseri, Daniel"]
[Result "0-1"]
[WhiteElo "1857"]
[BlackElo "2043"]
[PlyCount "88"]
[EventDate "2013.12.19"]
[EventType "swiss"]
[EventRounds "11"]
[EventCountry "UAE"]
[Source "lmi"]
[SourceDate "2013.12.19"]

1. d4 Nf6 2. Nf3 g6 3. c4 Bg7 4. Nc3 O-O 5. e4 d6 6. Be2 Na6 7. O-O e5 8. dxe5
dxe5 9. Qxd8 Rxd8 10. Bg5 Re8 11. Rad1 h6 12. Bc1 c6 13. a3 Nc5 14. Nd2 a5 15.
b4 axb4 16. axb4 Na4 17. Ndb1 Be6 18. f3 Nh5 19. g3 Kh7 20. Kh1 Bf8 21. b5 Bc5
22. f4 Nxc3 23. Nxc3 Bd4 24. f5 Bc8 25. Bxh5 gxh5 26. Ne2 Bc5 27. Nc3 f6 28.
Kg2 Re7 29. Rd8 Rd7 30. Rd1 Bd4 31. Re8 Rf7 32. Bb2 Rc7 33. Rd2 Kg7 34. Ne2 Kf7
35. Rh8 Kg7 36. Rd8 Bb6 37. Re8 Rf7 38. Bc3 Rf8 39. Re7+ Kg8 40. bxc6 bxc6 41.
Bb4 c5 42. Rd6 Bd8 43. Rxd8 Rxd8 44. Bxc5 Ba6 0-1

[Event "Wch Juvenil 2013 sub-14"]
[Site "Al-Ain UAE"]
[Date "2013.12.27"]
[Round "10.45"]
[White "Ooi, Zhi Yang"]
[Black "Spacek, Oliver"]
[Result "0-1"]
[WhiteElo "1803"]
[BlackElo "2041"]
[PlyCount "68"]
[EventDate "2013.12.19"]
[EventType "swiss"]
[EventRounds "11"]
[EventCountry "UAE"]
[Source "lmi"]
[SourceDate "2013.12.19"]

1. c4 g6 2. Nc3 Bg7 3. g3 e5 4. Bg2 Ne7 5. e3 O-O 6. Nge2 c6 7. d4 d6 8. O-O a5
9. b3 Na6 10. Qd2 Qc7 11. Bb2 Be6 12. f4 Rad8 13. Ne4 f5 14. Ng5 Bc8 15. dxe5
dxe5 16. Qc3 Bf6 17. Qe1 Nb4 18. Qb1 Rd2 19. Rf2 Rxb2 20. Qxb2 exf4 21. Qb1
fxg3 22. hxg3 Bxg5 23. a3 Na6 24. Nf4 Qe5 25. Qe1 Nc5 26. b4 Ne4 27. Bxe4 fxe4
28. Rd1 Bg4 29. Rdd2 axb4 30. axb4 Bf3 31. Rh2 Qc3 32. Qf1 Qxe3+ 33. Rdf2 Bxf4
34. gxf4 Rd8 0-1